Tenth anniversary.
Saved in:
| Corporate Author: | |
|---|---|
| Other Authors: | |
| Format: | Book |
| Language: | English |
| Published: |
[Cambridge, Mass. :
Carpenter Center,
1973]
|
| Subjects: | |
| Tags: |
Add Tag
No Tags, Be the first to tag this record!
|
| LEADER | 00802nam a2200229K 4500 | ||
|---|---|---|---|
| 001 | 003156830-0 | ||
| 005 | 20030128113726.0 | ||
| 008 | 930624s1973 mau 000 0 eng d | ||
| 035 | 0 | |a ocm86078775 | |
| 040 | |a FLL |c FLL | ||
| 110 | 2 | |a Carpenter Center for the Visual Arts. | |
| 245 | 1 | 0 | |a Tenth anniversary. |
| 260 | |a [Cambridge, Mass. : |b Carpenter Center, |c 1973] | ||
| 300 | |a 1 v. (unpaged) : |b ill. ; |c 23 cm. | ||
| 500 | |a Introduction by Eduard F. Sekler. | ||
| 610 | 2 | 0 | |a Carpenter Center for the Visual Arts. |
| 650 | 0 | |a Art |x Study and teaching (Higher) |z Massachusetts |z Cambridge. | |
| 690 | 9 | |a Visual arts |x Study and teaching. United States. Cambridge, Mass. |5 des | |
| 700 | 1 | |a Sekler, Eduard F. |q (Eduard Franz) | |
| 752 | |a United States |b Massachusetts |d Cambridge. | ||
| 988 | |a 20020608 | ||
| 906 | |0 MH | ||


